00425nam a2200157Ia 4500100001700000490000600017942000700023654001900030245003100049260003600080082001800116300000800134546001200142999001700154952009600171 aJhamb / L.C  vI cBK aTechniques VII aQuantitative techniques VI bEverest Pub.HouseaMumbaic1998 a658.4033bIHA a740 aENGLISH c29607d29607 001040708CRCaCRCEbCRCEd2023-03-17l0o658.4033 IHAp10679r2023-03-17w2023-03-17yBK